Normal view
MARC view
- الخوالدة،مترجم/Gronlund,Norman مؤلف
Entry Personal Name
001 - CONTROL NUMBER
- control field: 14972
003 - CONTROL NUMBER IDENTIFIER
- control field: JO-AjAnu
005 - DATE AND TIME OF LATEST TRANSACTION
- control field: 20230606072705.0
008 - FIXED-LENGTH DATA ELEMENTS
- fixed length control field: 230606|| aca||aabn | a|a d
040 ## - CATALOGING SOURCE
- Original cataloging agency: JO-AjAnu
- Transcribing agency: JO-AjAnu
100 ## - HEADING--PERSONAL NAME
- Personal name: الخوالدة،مترجم/Gronlund,Norman مؤلف
670 ## - SOURCE DATA FOUND
- Source citation: Work cat.: (JO-AjAnu)7688: الخوالدة،مترجم/Gronlund,Norman مؤلف, author, إعداد الإختبارات محكية المرجع للتعليم الصفي=Preparing Criterion -Referenced Tests For Classroom Instruction